000 00430nam a22001577a 4500
003 CEME
005 20210628204136.0
008 210107b xxu||||| |||| 00| 0 eng d
040 _c.
082 _a005 KAV
100 _aKaufman
_968921
245 _aNetwork security private communications in a public world how includes ispec,ssl,pki,aes, and web security
250 _a2ND
260 _bPEARSON EDUCATION
942 _cBK
_2ddc
999 _c576369
_d576369